000 02099cam a22003377i 4500
001 data
005 20260322212111.0
008 data
035 _a22455588
906 _a7
_bcbc
_ccopycat
_d2
_encip
_f20
_gy-gencatlg
925 0 _aacquire
_b1 shelf copy
_xpolicy default
010 _a 2021278244
020 _a9781725266537
_q(paperback)
035 _a(OCoLC)1251804966
040 _aEXN
_beng
_erda
_cEXN
_dDLC
_dOCLCF
_dLNT
_dKAT
_dDLC
042 _alccopycat
050 0 0 _aBV2061.3
_b.Y67 2021
100 1 _aYoung, F. Lionel
_q(Fleetwood Lionel),
_cIII,
_eauthor.
245 1 0 _aWorld Christianity and the unfinished task :
_ba very short introduction /
_cF. Lionel Young III ; foreword by Muthuraj Swamy.
264 1 _aEugene, Oregon :
_bCascade Books,
_c[2021]
300 _axiv, 154 pages ;
_c22 cm.
336 _atext
_btxt
_2rdacontent
337 _aunmediated
_bn
_2rdamedia
338 _avolume
_bnc
_2rdacarrier
504 _aIncludes bibliographical references (pages 131-148) and index.
520 _aThis book is a short introduction to one of the most remarkable transformations in the modern world that many people still do not know about. In 1900 more than 80 percent of the world's Christians lived in Europe and North America and nearly all of the world's missionaries were sent out "from the West to the rest." In a dramatic turn of events Christianity experienced a decidedly "Southern shift" during the twentieth century. Today nearly 70 percent of the world's 2.5 billion Christians live in Africa, Asia, and Latin America, while nearly half of all missionaries are being sent out into all the world from places like Brazil, Ethiopia, and South Korea. This book is intended to change the way readers think about the church and challenge the way Western Christians engage in contemporary missions. -- back cover.
650 0 _aMissions.
650 7 _aMissions.
_2fast
_0(OCoLC)fst01023771
700 1 _aSwamy, Muthuraj,
_ewriter of foreword.
999 _c1653
_d1653